00443nam a2200157 a 450000100060000000300090000600800410001502000150005604000280007108200180009910000280011724500350014526000680018030000110024865000260025911999CO-ViMGA141112s2004 ck r 000 u spa d a9589333702 aCO-ViMGAbspacCO-ViMGA04a336.8621 V3511 aVelasco Ulloa Orlando, 10aRegimen Presupuestal municipal aSantafé de Bogotá, cEdiciones jurídicas Gustavo Ibañez a122 p.14aPRESUPUESTO MUNICIPAL